Loading...
Literature - British Literature | 0 | 1 | 0 | 0 | 10 | 121 | 121.00 | 0 | 1 |
Science - Other Science | 0 | 1 | 0 | 0 | 10 | 134 | 134.00 | 0 | 1 |
Fine Arts - Other Arts | 0 | 1 | 0 | 1 | 10 | 171 | 171.00 | 0 | 0 |
Science - Physics | 0 | 1 | 0 | 0 | 10 | 96 | 96.00 | 0 | 1 |
History - European History | 0 | 1 | 0 | 0 | 10 | 95 | 95.00 | 1 | 1 |
Literature - American Literature | 0 | 1 | 0 | 0 | 10 | 103 | 103.00 | 0 | 1 |
Social Science | 0 | 1 | 1 | 1 | 5 | 130 | 130.00 | 0 | 0 |
Auditory Arts | 0 | 0 | 0 | 0 | 0 | 0.00 | 0 | 0 | |
Beliefs | 0 | 1 | 2 | 1 | 0 | 129 | 129.00 | 0 | 1 |
Visual Arts | 0 | 0 | 0 | 0 | 0 | 0.00 | 0 | 0 | |
Philosophy | 0 | 0 | 1 | 0 | -5 | 0.00 | 0 | 0 | |
Geography | 0 | 0 | 1 | 0 | -5 | 0.00 | 0 | 0 | |
Science - Chemistry | 0 | 0 | 1 | 0 | -5 | 0.00 | 0 | 0 | |
Science - Biology | 0 | 0 | 2 | 0 | -10 | 0.00 | 0 | 0 |